LEADER 01063nam a2200253 i 4500 001 000000364806 003 CaOOAMICUS 005 20251023113357.0 008 251023s2025 fr u000 u fre u 020 $a978-2-204-17487-9 040 $aSeMil$bita 100 1 $aCapelle-Dumont, Philippe,$d<1954- >.$0(OLS)http://semarc/name/3388 245 10$aEmmanuel Levinas et le christianisme /$cPhilippe Capelle-Dumont. 264 1$aParis :$bLes Éditions du Cerf,$c2025. 300 $a164 p. ;$c22 cm 490 1 $aPhilosophie & théologie 600 14$aLévinas, Emmanuel <1906-1995>.$0(OLS)http://semarc/subject/8768 830 0$aPhilosophie & théologie.$0(OLS)http://semarc/title/8604 850 $aSeMil 852 $aSeMil$W1$xVenegono$y1$m2XA A 79$j263723$B255633$CSeMilBibl$Z2$F255633 $81 996 $6020$a978-2-204-17487-9$9(OLS)http://semarc/number/304398 996 $6245$aEmmanuel Levinas et le christianisme$9(OLS)http://semarc/title/456293 996 $6264$aParis :$bLes Éditions du Cerf$9(OLS)http://semarc/publisher/29611 LEADER 00678naa a2200157 i 4500 001 000000294611 003 CaOOAMICUS 005 20180831172510.0 008 180831n xx u000 u und u 013 $a1888 040 $aSeMil$bita 100 1 $aBertone, Tarcisio,$c.$0(OLS)http://semarc/name/90326 245 10$aNorma canonica e Magistero ecclesiastico. 650 4$aChiesa - Magistero - Diritto Canonico.$0(OLS)http://semarc/subject/9300 773 0 $tIus in vita et in missione Ecclesiae.$dCittà del Vaticano : Libreria Editrice Vaticana, 1994.$z88-209-1963-X$gp.1121-1145$w()44083 996 $6245$aNorma canonica e Magistero ecclesiastico$9(OLS)http://semarc/title/370689